Białystok - prawda czy fałsz? - Statystyki

Ogólne statystyki
  • Ten quiz został rozwiązany 246 razy
    240 od ostatniego zresetowania
  • Średni wynik to 10 z 15
Statystyki odpowiedzi
Zagadnienie Odpowiedź % Poprawnych
Znajduje się tutaj Rynek Kościuszki Prawda
98%
Leży na rzeką Biała Prawda
89%
Przez miasto płynie Bug Fałsz
88%
Pałac Branickich posiada najlepiej zachowany ogród barokowy w Polsce Prawda
85%
Herb miasta nie posiada zwierząt Fałsz
73%
Urodził się tu Tomasz Frankowski Prawda
73%
Ulica Konstantego Ciołkowskiego to najdłuższa ulica miasta Prawda
67%
Jagiellonia Białystok jest pierwszym klubem z północy Polski który zdobył mistrzostwo Polski Prawda
65%
Wieżowiec przy ul. Żelaznej 36 jest najwyższym budynkiem w Białymstoku Prawda
63%
Z miasta jest bliżej do Królewca niż do Warszawy Fałsz
62%
Największą grupą etniczną są tutaj Tatarzy Fałsz
62%
Posiada powierzchnie mniejszą niż 100 kilometrów kwadratowych Fałsz
55%
Liczy ponad 300 tyś. mieszkańców Fałsz
51%
Posiada mniejszą powierzchnię od Lublina Prawda
50%
Urodził się tutaj aktualny prezes PZPN Cezary Kulesza Fałsz
25%
Nie znaleziono quizów pasujących do podanych kryteriów
Rozkład punktacji
Procent ludzi z każdym wynikiem
Percentyl według liczby udzielonych odpowiedzi
Twoja historia wyników
Nie rozwiązałeś tego quizu od ostatniego zresetowania